|
|
|
|
| LEADER |
03047nam a22005055i 4500 |
| 001 |
978-3-662-46059-7 |
| 003 |
DE-He213 |
| 005 |
20151204185817.0 |
| 007 |
cr nn 008mamaa |
| 008 |
150207s2015 gw | s |||| 0|eng d |
| 020 |
|
|
|a 9783662460597
|9 978-3-662-46059-7
|
| 024 |
7 |
|
|a 10.1007/978-3-662-46059-7
|2 doi
|
| 040 |
|
|
|d GrThAP
|
| 050 |
|
4 |
|a Q342
|
| 072 |
|
7 |
|a UYQ
|2 bicssc
|
| 072 |
|
7 |
|a COM004000
|2 bisacsh
|
| 082 |
0 |
4 |
|a 006.3
|2 23
|
| 100 |
1 |
|
|a Zhang, Guangquan.
|e author.
|
| 245 |
1 |
0 |
|a Multi-Level Decision Making
|h [electronic resource] :
|b Models, Methods and Applications /
|c by Guangquan Zhang, Jie Lu, Ya Gao.
|
| 264 |
|
1 |
|a Berlin, Heidelberg :
|b Springer Berlin Heidelberg :
|b Imprint: Springer,
|c 2015.
|
| 300 |
|
|
|a XVI, 377 p. 84 illus. in color.
|b online resource.
|
| 336 |
|
|
|a text
|b txt
|2 rdacontent
|
| 337 |
|
|
|a computer
|b c
|2 rdamedia
|
| 338 |
|
|
|a online resource
|b cr
|2 rdacarrier
|
| 347 |
|
|
|a text file
|b PDF
|2 rda
|
| 490 |
1 |
|
|a Intelligent Systems Reference Library,
|x 1868-4394 ;
|v 82
|
| 505 |
0 |
|
|a Part I Bi-level Decision Making -- Part II Multi-level Multi-follower Decision Making -- Part III Fuzzy Multi-level Decision Making -- Part IV Rule-set-based Bi-level Decision Making -- Part V Multi-level Decision Support Systems and Applications.
|
| 520 |
|
|
|a This monograph presents new developments in multi-level decision-making theory, technique and method in both modeling and solution issues. It especially presents how a decision support system can support managers in reaching a solution to a multi-level decision problem in practice. This monograph combines decision theories, methods, algorithms and applications effectively. It discusses in detail the models and solution algorithms of each issue of bi-level and tri-level decision-making, such as multi-leaders, multi-followers, multi-objectives, rule-set-based, and fuzzy parameters. Potential readers include organizational managers and practicing professionals, who can use the methods and software provided to solve their real decision problems; PhD students and researchers in the areas of bi-level and multi-level decision-making and decision support systems; students at an advanced undergraduate, master’s level in information systems, business administration, or the application of computer science. .
|
| 650 |
|
0 |
|a Engineering.
|
| 650 |
|
0 |
|a Market research.
|
| 650 |
|
0 |
|a Artificial intelligence.
|
| 650 |
|
0 |
|a Computational intelligence.
|
| 650 |
1 |
4 |
|a Engineering.
|
| 650 |
2 |
4 |
|a Computational Intelligence.
|
| 650 |
2 |
4 |
|a Artificial Intelligence (incl. Robotics).
|
| 650 |
2 |
4 |
|a Market Research/Competitive Intelligence.
|
| 700 |
1 |
|
|a Lu, Jie.
|e author.
|
| 700 |
1 |
|
|a Gao, Ya.
|e author.
|
| 710 |
2 |
|
|a SpringerLink (Online service)
|
| 773 |
0 |
|
|t Springer eBooks
|
| 776 |
0 |
8 |
|i Printed edition:
|z 9783662460580
|
| 830 |
|
0 |
|a Intelligent Systems Reference Library,
|x 1868-4394 ;
|v 82
|
| 856 |
4 |
0 |
|u http://dx.doi.org/10.1007/978-3-662-46059-7
|z Full Text via HEAL-Link
|
| 912 |
|
|
|a ZDB-2-ENG
|
| 950 |
|
|
|a Engineering (Springer-11647)
|